<?xml version="1.0" encoding="UTF-8"?>
<record
    xmlns:xsi="http://www.w3.org/2001/XMLSchema-instance"
    xsi:schemaLocation="http://www.loc.gov/MARC21/slim http://www.loc.gov/standards/marcxml/schema/MARC21slim.xsd"
    xmlns="http://www.loc.gov/MARC21/slim">

  <leader>01962nam a2200253 a 4500</leader>
  <controlfield tag="001">20462</controlfield>
  <controlfield tag="003">CO-ViMGA</controlfield>
  <controlfield tag="008">141112s2004    ck      r     000 u spa d</controlfield>
  <datafield tag="020" ind1=" " ind2=" ">
    <subfield code="a">9701033256</subfield>
  </datafield>
  <datafield tag="040" ind1=" " ind2=" ">
    <subfield code="a">CO-ViMGA</subfield>
    <subfield code="b">spa</subfield>
    <subfield code="c">CO-ViMGA</subfield>
  </datafield>
  <datafield tag="082" ind1="0" ind2="4">
    <subfield code="a">658.812 Z347</subfield>
  </datafield>
  <datafield tag="100" ind1="1" ind2=" ">
    <subfield code="a">Zeithalm, Valerie A.; Bitner, Mary Jo</subfield>
    <subfield code="9">29559</subfield>
  </datafield>
  <datafield tag="245" ind1="1" ind2="0">
    <subfield code="a">Marketing de servicios : </subfield>
    <subfield code="b">Un enfoque de integraci&#xF3;n del cliente a la empresa</subfield>
  </datafield>
  <datafield tag="250" ind1=" " ind2=" ">
    <subfield code="a">2</subfield>
  </datafield>
  <datafield tag="260" ind1=" " ind2=" ">
    <subfield code="a">Mexico : </subfield>
    <subfield code="b">McGraw Hill, </subfield>
    <subfield code="c">2002</subfield>
  </datafield>
  <datafield tag="300" ind1=" " ind2=" ">
    <subfield code="a">747p</subfield>
  </datafield>
  <datafield tag="505" ind1=" " ind2=" ">
    <subfield code="a">El cliente como elemento central El cliente y su comportamiento en los servivios, El cliente y sus expectativas del servicio, El cliente y sus percepciones del servicio 61 - 124 - - Escuchar lo srequerimientos del cliente Comprender las expectattivas y las percepciones del cliente a traves de la investigaci&#xF3;n de mercado, Construcci&#xF3;n de relaciones con el cliente, Recuperaci&#xF3;n del servicio, 129 - 233 - - Alineando la estrategia, dise&#xF1;o del servicio y est&#xE1;ndares Desarrollo y dise&#xF1;o del servicio, Est&#xE1;ndares de servicio definidos por el cliente, Evicencia f&#xED;sica y ambiente del servicio, 237 - 384 - - Prestaci&#xF3;n y desempe&#xF1;o del servicio La importancia crucial de los empleados del servicio, estrategias para cerrar la brecha, cultura del servicio, el papel del cliente en la entrega del servicio 343 - 414 - - Administrando las promesas de servicio Comunicaci&#xF3;n integral en el marketing de servicios, Fijaci&#xF3;n de precios en los servicios 485 - 554 - - Panorama global : Como cerrar todas las brechas El efecto econ&#xF3;mico y financiero del servicio, El modelo integral de las brechas sobre calidad en el servicio 557 - 737  </subfield>
  </datafield>
  <datafield tag="590" ind1=" " ind2=" ">
    <subfield code="a">Forma de adquisici&#xF3;n : Compra fact.0538 - - Precio : 75000 - - Proveedor : Temas y libros - - Fecha de adquisici&#xF3;n : Marzo 2006</subfield>
  </datafield>
  <datafield tag="650" ind1="1" ind2="4">
    <subfield code="a">CALIDAD TOTAL</subfield>
  </datafield>
  <datafield tag="650" ind1="1" ind2="4">
    <subfield code="a">CONSUMIDORES</subfield>
    <subfield code="9">52657</subfield>
  </datafield>
  <datafield tag="650" ind1="1" ind2="4">
    <subfield code="a">MERCADEO DE SERVICIOS</subfield>
    <subfield code="9">17521</subfield>
  </datafield>
  <datafield tag="650" ind1="1" ind2="4">
    <subfield code="a">SERVICIO AL CLIENTE</subfield>
    <subfield code="9">2737</subfield>
  </datafield>
  <datafield tag="942" ind1=" " ind2=" ">
    <subfield code="2">ddc</subfield>
    <subfield code="c">BK</subfield>
  </datafield>
  <datafield tag="999" ind1=" " ind2=" ">
    <subfield code="c">29457</subfield>
    <subfield code="d">29457</subfield>
  </datafield>
  <datafield tag="952" ind1=" " ind2=" ">
    <subfield code="0">0</subfield>
    <subfield code="1">0</subfield>
    <subfield code="2">ddc</subfield>
    <subfield code="4">0</subfield>
    <subfield code="7">0</subfield>
    <subfield code="8">002</subfield>
    <subfield code="a">MEVIECAR</subfield>
    <subfield code="b">MEVIECAR</subfield>
    <subfield code="d">2015-12-04</subfield>
    <subfield code="h">Volumen. 1 | 11/jun/2009</subfield>
    <subfield code="l">0</subfield>
    <subfield code="o">658.812 Z347 </subfield>
    <subfield code="p">20462</subfield>
    <subfield code="r">2015-12-04 00:00:00</subfield>
    <subfield code="t">Ej. 1</subfield>
    <subfield code="w">2015-12-04</subfield>
    <subfield code="y">BK</subfield>
  </datafield>
</record>
